Λαοί και πολιτισμοί

Αποθηκεύτηκε σε:
Λεπτομέρειες βιβλιογραφικής εγγραφής
Κύριος συγγραφέας: Reid, Struan
Άλλοι συγγραφείς: Τζιαντζή, Δέσποινα (Μεταφραστής)
Μορφή: Βιβλίο
Γλώσσα:Greek
Δημοσίευση: Αθήνα : Ερευνητές, 1995
Θέματα:
Ετικέτες: Προσθήκη ετικέτας
Δεν υπάρχουν, Καταχωρήστε ετικέτα πρώτοι!

MARC

LEADER 00000nam a2200000 i 4500
001 1/13264
008 980219s1995 gre d
020 |a 960-7243-68-4 
035 |1 ΠΑΡ  |a 1997  |l 10018972 
040 |a GR-MY-UA  |b gre  |e aacr 
041 0 |a gre 
082 0 |a 382.09 
100 1 |a Reid, Struan. 
245 1 0 |a Λαοί και πολιτισμοί /  |c Struan Reid 
260 |a Αθήνα :   |b Ερευνητές,   |c 1995 
300 |a 46 σ.  |b εικ. 
504 |a Περιέχει ευρετήριο 
650 0 0 |a East and West  |x Juvenile literature. 
650 0 0 |a Trade routes  |x History  |x Juvenile literature. 
651 0 |a Asia  |x Civilization  |x Juvenile literature. 
700 1 |a Τζιαντζή, Δέσποινα.  |4 trl 
774 1 |t Οι δρόμοι του μεταξιού και των μπαχαρικών 
852 |a INST  |b LESVOS  |e 19980219  |h 382.09 REI  |p 005100015052  |q 005100015052  |t BK  |y 0 
901 |a BIBL-1998-2 
909 |a Λ  |b 052785 
922 |a 1ΕΛΗ  |b 199711  |c ΚΠΣ/ΡΕΝΤΖΟΣ  |d EMVASIS 
950 |a 169/1996-02-06